[Event "Pardubice Region-chT 2223"]
[Site "Czech Republic"]
[Date "2023.01.15"]
[Round "6.4"]
[White "Petrik, Peter"]
[Black "Ptacek, Lubos"]
[Result "1/2-1/2"]
[WhiteElo "1793"]
[BlackElo "2045"]
[PlyCount "53"]
[EventDate "2022.10.09"]
[EventType "team-tourn"]
[EventRounds "11"]
[EventCountry "CZE"]
[SourceTitle "EXT 2024"]
[Source "ChessBase"]
[SourceDate "2023.10.10"]
[SourceVersion "1"]
[SourceVersionDate "2023.10.10"]
[SourceQuality "1"]

1. e4 e5 2. Nf3 Nc6 3. Bc4 Be7 4. d4 d6 5. Be3 Nf6 6. dxe5 dxe5 7. Qxd8+ Bxd8 8. Nbd2 Be7 9. h3 Bd7 10. 0-0-0 0-0 11. g4 Rad8 12. Kb1 a6 13. g5 Nh5 14. Bd5 Bd6 15. Nc4 Be6 16. Nxd6 cxd6 17. c3 Nf4 18. Rd2 Nxd5 19. exd5 Bf5+ 20. Kc1 Be4 21. dxc6 Bxf3 22. c7 Bxh1 23. cxd8Q Rxd8 24. Kc2 f6 25. gxf6 gxf6 26. Bc5 Kf7 27. Rxd6 1/2-1/2

[Event "CZE-chT2D 2223"]
[Site "Czech Republic"]
[Date "2022.11.06"]
[Round "2.3"]
[White "Ptacek, Lubos"]
[Black "Kratky, Josef"]
[Result "0-1"]
[WhiteElo "2045"]
[BlackElo "2075"]
[PlyCount "44"]
[EventDate "2022.10.16"]
[EventType "team-tourn"]
[EventRounds "11"]
[EventCountry "CZE"]
[SourceTitle "EXT 2024"]
[Source "ChessBase"]
[SourceDate "2023.10.10"]
[SourceVersion "1"]
[SourceVersionDate "2023.10.10"]
[SourceQuality "1"]
[WhiteTeam "Vysoke Myto"]
[BlackTeam "Lanskroun"]
[WhiteTeamCountry "CZE"]
[BlackTeamCountry "CZE"]

1. e4 c5 2. Nf3 g6 3. d4 cxd4 4. Nxd4 Bg7 5. c3 Nc6 6. Nxc6 bxc6 7. Bd3 Nf6 8. 0-0 0-0 9. f4 Ba6 10. f5 Qb6+ 11. Kh1 Bxd3 12. Qxd3 d5 13. exd5 cxd5 14. Nd2 e5 15. fxe6 fxe6 16. Nf3 Ne4 17. Qe2 Rab8 18. Qe3 Qxe3 19. Bxe3 Rxb2 20. Nd4 Rxf1+ 21. Rxf1 e5 22. Nc6 Nxc3 0-1

[Event "Pardubice rapid op 33rd"]
[Site "Pardubice"]
[Date "2022.07.21"]
[Round "7"]
[White "Stocek, Martin"]
[Black "Ptacek, Lubos"]
[Result "1-0"]
[WhiteElo "1851"]
[BlackElo "2049"]
[PlyCount "55"]
[EventDate "2022.07.20"]
[EventType "swiss (rapid)"]
[EventRounds "9"]
[EventCountry "CZE"]
[SourceTitle "CBM 209 Extra"]
[Source "ChessBase"]
[SourceDate "2022.09.30"]
[SourceVersion "1"]
[SourceVersionDate "2022.09.30"]
[SourceQuality "1"]

1. d4 d5 2. c4 c6 3. Nc3 Nf6 4. Nf3 Nbd7 5. cxd5 cxd5 6. Bf4 e6 7. e3 Bb4 8. Bd3 0-0 9. 0-0 b6 10. Nb5 Bb7 11. a3 Be7 12. Bc7 Qe8 13. Nd6 Bxd6 14. Bxd6 Ne4 15. Bxf8 Qxf8 16. Rc1 Ndf6 17. Ne5 Qd6 18. b4 Qe7 19. Qc2 Ne8 20. Nc6 Qd6 21. b5 Qxa3 22. Ra1 Qd6 23. Nxa7 N4f6 24. Nc6 Rc8 25. Rfc1 g6 26. Ra7 Bxc6 27. bxc6 e5 28. c7 1-0

[Event "Pardubice rapid op 33rd"]
[Site "Pardubice"]
[Date "2022.07.20"]
[Round "3"]
[White "Ptacek, Lubos"]
[Black "Dusek, Vladimir"]
[Result "1-0"]
[WhiteElo "2049"]
[BlackElo "1596"]
[PlyCount "79"]
[EventDate "2022.07.20"]
[EventType "swiss (rapid)"]
[EventRounds "9"]
[EventCountry "CZE"]
[SourceTitle "CBM 209 Extra"]
[Source "ChessBase"]
[SourceDate "2022.09.30"]
[SourceVersion "1"]
[SourceVersionDate "2022.09.30"]
[SourceQuality "1"]

1. e4 c5 2. Nf3 Nc6 3. d4 cxd4 4. Nxd4 Nf6 5. Nc3 a6 6. Be3 d6 7. Be2 g6 8. 0-0 Bg7 9. f4 0-0 10. Bf3 Qc7 11. Kh1 Bd7 12. Qd2 Rad8 13. Rad1 Ng4 14. Nd5 Qb8 15. Nxc6 bxc6 16. Nxe7+ Kh8 17. Bxg4 Bxg4 18. Nxc6 Qxb2 19. Rb1 Qxa2 20. Nxd8 Rxd8 21. e5 d5 22. Ra1 Qc4 23. h3 Bf5 24. c3 Be4 25. Rfe1 Qc8 26. Kh2 f6 27. exf6 Bxf6 28. Bd4 Rf8 29. Bxf6+ Rxf6 30. Qd4 Qf5 31. g3 Kg7 32. Rxa6 Bf3 33. Qxf6+ Qxf6 34. Rxf6 Kxf6 35. Kg1 g5 36. Kf2 g4 37. Re5 Bd1 38. Rxd5 Bb3 39. Rb5 Be6 40. hxg4 1-0

[Event "CZE-chT2D 1819"]
[Site "Czech Republic"]
[Date "2019.03.17"]
[Round "10.2"]
[White "Ptacek, Lubos"]
[Black "Fisar, Josef"]
[Result "1-0"]
[WhiteElo "2054"]
[BlackElo "2089"]
[PlyCount "45"]
[EventDate "2018.10.14"]
[EventType "team-tourn"]
[EventRounds "11"]
[EventCountry "CZE"]
[SourceTitle "EXT 2022"]
[Source "ChessBase"]
[SourceDate "2021.10.06"]
[SourceVersion "1"]
[SourceVersionDate "2021.10.06"]
[SourceQuality "1"]
[WhiteTeam "Vysoke Myto"]
[BlackTeam "Dalesice Pivovar"]
[WhiteTeamCountry "CZE"]
[BlackTeamCountry "CZE"]

1. e4 e5 2. Nf3 Nc6 3. Bc4 Nf6 4. d3 h6 5. Be3 d6 6. c3 a6 7. Nbd2 Na5 8. Qa4+ c6 9. Bxf7+ Kxf7 10. b4 b6 11. bxa5 b5 12. Qa3 c5 13. 0-0 Qc7 14. d4 g5 15. Qb2 Ng4 16. a4 Bd7 17. h3 Nxe3 18. fxe3 Kg6 19. dxe5 Bg7 20. exd6 Qxd6 21. Qc2 Qg3 22. e5+ Kf7 23. Ne4 1-0

[Event "CZE-chT2D 1819"]
[Site "Czech Republic"]
[Date "2019.02.10"]
[Round "8.2"]
[White "Jacko, Vladimir1111"]
[Black "Ptacek, Lubos"]
[Result "1-0"]
[WhiteElo "2324"]
[BlackElo "2054"]
[PlyCount "43"]
[EventDate "2018.10.14"]
[EventType "team-tourn"]
[EventRounds "11"]
[EventCountry "CZE"]
[SourceTitle "EXT 2022"]
[Source "ChessBase"]
[SourceDate "2021.10.06"]
[SourceVersion "1"]
[SourceVersionDate "2021.10.06"]
[SourceQuality "1"]
[WhiteTeam "Orechov"]
[BlackTeam "Vysoke Myto"]
[WhiteTeamCountry "CZE"]
[BlackTeamCountry "CZE"]

1. d4 d5 2. Nf3 Nf6 3. g3 Bf5 4. Bg2 e6 5. 0-0 Bd6 6. c4 c6 7. b3 Nbd7 8. Bb2 0-0 9. Nbd2 h6 10. a3 Qe7 11. Ne5 Ng4 12. e4 dxe4 13. Nxg4 Bh7 14. Ne5 f5 15. Qe2 Rad8 16. Nxd7 Rxd7 17. c5 Bc7 18. Nc4 Bg6 19. f3 Bh5 20. Qe1 exf3 21. Bxf3 Bf7 22. Ne5 1-0

[Event "CZE-chT rap"]
[Site "Pardubice"]
[Date "2017.07.14"]
[Round "3.5"]
[White "Ptacek, Lubos"]
[Black "Strebkovs, Andrejs"]
[Result "0-1"]
[WhiteElo "2084"]
[BlackElo "2321"]
[PlyCount "118"]
[EventDate "2017.07.13"]
[EventType "team-swiss"]
[EventRounds "7"]
[EventCountry "CZE"]
[SourceTitle "EXT 2018"]
[Source "ChessBase"]
[SourceDate "2017.10.13"]
[SourceVersion "1"]
[SourceVersionDate "2017.10.13"]
[SourceQuality "1"]
[WhiteTeam "Vysoke Myto"]
[BlackTeam "Tulachess"]
[WhiteTeamCountry "CZE"]
[BlackTeamCountry "CZE"]

1. e4 g6 2. d4 Bg7 3. c3 d6 4. Bd3 Nf6 5. Ne2 0-0 6. 0-0 c5 7. Be3 Ng4 8. Nd2 Nxe3 9. fxe3 Nc6 10. Qe1 Rb8 11. Qg3 b5 12. Nf3 e5 13. Rad1 Qb6 14. Bc2 cxd4 15. exd4 b4 16. Rf2 exd4 17. Nexd4 Ne5 18. h3 bxc3 19. bxc3 Qc5 20. Nxe5 Bxe5 21. Qd3 Be6 22. Bb3 Bxb3 23. Nxb3 Qxc3 24. Qxc3 Bxc3 25. Rxd6 a5 26. Rc2 Bb4 27. Ra6 Rb5 28. Kf1 Re5 29. Rc4 f5 30. exf5 Re1+ 31. Kf2 Rxf5+ 32. Kg3 Re3+ 33. Kh2 Be1 34. Rg4 Rd5 35. Rf6 Rdd3 36. Rf1 Bb4 37. Rc4 Rc3 38. Rg4 Re2 39. Ra1 Rce3 40. Kg1 Re1+ 41. Rxe1 Rxe1+ 42. Kf2 Rb1 43. Re4 Kf7 44. Kf3 Kf6 45. Nd4 Rf1+ 46. Ke2 Ra1 47. Re6+ Kf7 48. Ra6 Rxa2+ 49. Kf3 a4 50. Ra7+ Kf6 51. Ra6+ Kg7 52. Ra7+ Kf6 53. Ra6+ Kf7 54. Ra7+ Ke8 55. Rxh7 a3 56. Nb5 Rb2 57. Ra7 a2 58. g4 Rb3+ 59. Ke4 Ra3 0-1

[Event "CZE-chT2D 1617"]
[Site "Czech Republic"]
[Date "2016.10.09"]
[Round "1.8"]
[White "Ptacek, Lubos"]
[Black "Nespurek, Petr"]
[Result "1/2-1/2"]
[WhiteElo "2122"]
[BlackElo "1780"]
[PlyCount "92"]
[EventDate "2016.10.09"]
[EventType "team-tourn"]
[EventRounds "11"]
[EventCountry "CZE"]
[SourceTitle "EXT 2022"]
[Source "ChessBase"]
[SourceDate "2021.10.06"]
[SourceVersion "1"]
[SourceVersionDate "2021.10.06"]
[SourceQuality "1"]
[WhiteTeam "Vysoke Myto"]
[BlackTeam "Polabiny III"]
[WhiteTeamCountry "CZE"]
[BlackTeamCountry "CZE"]

1. e4 e5 2. Nf3 Nf6 3. Nc3 Nc6 4. d3 Bb4 5. Bd2 0-0 6. Be2 d6 7. 0-0 Ne7 8. Bg5 Bxc3 9. bxc3 Ng6 10. Nh4 h6 11. Nxg6 fxg6 12. Be3 Be6 13. f4 Qd7 14. fxe5 dxe5 15. Qe1 Bg4 16. Bc5 Bxe2 17. Qxe2 Rf7 18. Rf3 b6 19. Be3 Raf8 20. Raf1 Qe6 21. c4 c5 22. Bd2 Nd7 23. Rxf7 Rxf7 24. Rxf7 Kxf7 25. Qf3+ Qf6 26. Qg4 Qe6 27. Qxe6+ Kxe6 28. Kf2 Nf6 29. c3 a6 30. a4 Kd6 31. h3 a5 32. Ke3 g5 33. Be1 Ke6 34. Kf3 g6 35. Bf2 Nd7 36. Be3 Nf6 37. h4 g4+ 38. Kg3 h5 39. Bg5 Nd7 40. Kf2 Kd6 41. Ke3 Ke6 42. Bd8 Kd6 43. d4 Kc6 44. Be7 Kc7 45. Kd3 Kc6 46. Ke3 Kc7 1/2-1/2

[Event "CZE-chT2D 1314"]
[Site "Czech Republic"]
[Date "2014.03.02"]
[Round "9.5"]
[White "Kozusek, Daniel"]
[Black "Ptacek, Lubos"]
[Result "0-1"]
[WhiteElo "2085"]
[BlackElo "2092"]
[PlyCount "50"]
[EventDate "2013.11.03"]
[EventType "team-tourn"]
[EventRounds "11"]
[EventCountry "CZE"]
[SourceTitle "EXT 2016"]
[Source "ChessBase"]
[SourceDate "2015.10.08"]
[SourceVersion "1"]
[SourceVersionDate "2015.10.08"]
[SourceQuality "1"]
[WhiteTeam "Jicin II"]
[BlackTeam "Vysoke Myto"]
[WhiteTeamCountry "CZE"]
[BlackTeamCountry "CZE"]

1. d4 d5 2. c4 e6 3. Nc3 Nf6 4. cxd5 exd5 5. Bg5 Be7 6. e3 0-0 7. Bd3 Nbd7 8. Qc2 h6 9. Bh4 b6 10. Nge2 Bb7 11. 0-0 Re8 12. Rac1 c5 13. Rfd1 a6 14. Bf5 c4 15. f3 Nf8 16. Bf2 g6 17. Bh3 Bd6 18. a4 Bc6 19. Qd2 Kg7 20. Bh4 b5 21. e4 dxe4 22. d5 exf3 23. gxf3 Bc5+ 24. Nd4 Bd7 25. Ne4 Nxe4 0-1

[Event "CZE-chT2D 1314"]
[Site "Czech Republic"]
[Date "2014.02.02"]
[Round "7.5"]
[White "Pulpan, Jakub"]
[Black "Ptacek, Lubos"]
[Result "1-0"]
[WhiteElo "2089"]
[BlackElo "2092"]
[PlyCount "59"]
[EventDate "2013.11.03"]
[EventType "team-tourn"]
[EventRounds "11"]
[EventCountry "CZE"]
[SourceTitle "EXT 2016"]
[Source "ChessBase"]
[SourceDate "2015.10.08"]
[SourceVersion "1"]
[SourceVersionDate "2015.10.08"]
[SourceQuality "1"]
[WhiteTeam "Polabiny III"]
[BlackTeam "Vysoke Myto"]
[WhiteTeamCountry "CZE"]
[BlackTeamCountry "CZE"]

1. Nf3 Nf6 2. g3 d5 3. Bg2 e6 4. 0-0 c5 5. c4 Be7 6. cxd5 exd5 7. d4 Nc6 8. Nc3 Be6 9. Bg5 0-0 10. Rc1 b6 11. Ne5 Nxd4 12. e3 Nf5 13. Nc6 Qd7 14. Nxe7+ Nxe7 15. Bxf6 gxf6 16. Qh5 Kg7 17. Nxd5 Bg4 18. Nxf6 Kxf6 19. Qh6+ Ng6 20. f3 Be6 21. f4 Bf5 22. Rcd1 Qe6 23. e4 Bxe4 24. Rfe1 Rae8 25. Bxe4 Qg4 26. Rd6+ Re6 27. Rxe6+ Qxe6 28. f5 Qd6 29. fxg6 hxg6 30. Bxg6 1-0

[Event "CZE-chT2D 1314"]
[Site "Czech Republic"]
[Date "2013.12.15"]
[Round "4.5"]
[White "Ptacek, Lubos"]
[Black "Belousek, Michal"]
[Result "1-0"]
[WhiteElo "2092"]
[BlackElo "2076"]
[PlyCount "69"]
[EventDate "2013.11.03"]
[EventType "team-tourn"]
[EventRounds "11"]
[EventCountry "CZE"]
[SourceTitle "EXT 2016"]
[Source "ChessBase"]
[SourceDate "2015.10.08"]
[SourceVersion "1"]
[SourceVersionDate "2015.10.08"]
[SourceQuality "1"]
[WhiteTeam "Vysoke Myto"]
[BlackTeam "Havlickuv Brod"]
[WhiteTeamCountry "CZE"]
[BlackTeamCountry "CZE"]

1. e4 c5 2. Nf3 e6 3. Nc3 a6 4. a4 Nc6 5. Bc4 Nf6 6. Qe2 Nd4 7. Nxd4 cxd4 8. Nd1 d5 9. exd5 Nxd5 10. d3 Be7 11. 0-0 0-0 12. f4 Qd6 13. Qf3 Nb4 14. Qe2 Nd5 15. Rf3 Bd7 16. Nf2 b5 17. Ne4 Qc6 18. Bb3 bxa4 19. Bxa4 Qb7 20. Qf2 Rfc8 21. Bb3 a5 22. Rg3 a4 23. Bxd5 Qxd5 24. Qe2 f5 25. c4 dxc3 26. Nxc3 Qb7 27. Be3 a3 28. Bd4 g6 29. Qe5 Kf7 30. Qg7+ Ke8 31. bxa3 Bc5 32. Qh8+ Ke7 33. Qg7+ Kd8 34. Bxc5 Rxc5 35. Qf8+ 1-0